Library Banner

سندھی پیر اور برطانوی راج (Record no. 66583)

MARC details
000 -LEADER
fixed length control field 00413nam a22001457a 4500
005 - DATE AND TIME OF LATEST TRANSACTION
control field 20150226101401.0
008 - FIXED-LENGTH DATA ELEMENTS--GENERAL INFORMATION
fixed length control field 150226b xxu||||| |||| 00| 0 eng d
040 ## - CATALOGING SOURCE
Transcribing agency PK-LaUMT
082 ## - DEWEY DECIMAL CLASSIFICATION NUMBER
Classification number KHC 954.918
Item number SAR-S
100 ## - MAIN ENTRY--PERSONAL NAME
Personal name ساراانصاری
245 ## - TITLE STATEMENT
Title سندھی پیر اور برطانوی راج
Statement of responsibility, etc ساراانصاری
260 ## - PUBLICATION, DISTRIBUTION, ETC. (IMPRINT)
Place of publication, distribution, etc لاہور
Name of publisher, distributor, etc فکشن ہاوس
Date of publication, distribution, etc 1996
300 ## - PHYSICAL DESCRIPTION
Extent 224 ص
942 ## - ADDED ENTRY ELEMENTS (KOHA)
Koha item type Books
Holdings
Withdrawn status Lost status Damaged status Home library Current library Date acquired Full call number Barcode Date last seen Price effective from Koha item type
      UMT Main Campus UMT Main Campus 2015-02-26 KHC 954.918 SAR-S 73431 2015-02-26 2015-02-26 Books